| 000 | 01179cam a2200229 4500 | ||
|---|---|---|---|
| 008 | 000000n2001 000 0 eng u | ||
| 035 | _a(Sirsi) u111401 | ||
| 100 |
_aHands _vP. |
||
| 245 | _aThink before you draft | ||
| 260 | _c2001 | ||
| 490 |
_aEstates Gazette _v(0109) 3 March 2001, 219(1) |
||
| 520 | _aDescribes the case of "Scott v City and County of Swansea", and considers the implications of the judge's findings. The principal point highlighted by the case is the need for clarity when drafting arbitration clauses. To avoid possible future problems, the role of the arbitrator, and the scope of his jurisdiction, should be concisely defined. Also highlighted by the case is the need to carefully consider whether there are any existing disputes under a lease when an arbitrator is appointed. | ||
| 590 | _aABS | ||
| 650 | _aMANAGEMENT-DISPUTE AVOIDANCE, MANAGEMENT AND RESOLUTION-DISPUTE MANAGEMENT AND RESOLUTION-ARBITRATION | ||
| 650 | _aSCOTT V CITY AND COUNTY OF SWANSEA | ||
| 650 | _aLEASES | ||
| 650 | _aRECTIFICATION | ||
| 650 | _aALTERNATIVE DISPUTE RESOLUTION | ||
| 650 | _aRENT REVIEWS | ||
| 690 |
_aDispute resolution _96236 |
||
| 942 | _n0 | ||
| 999 |
_c66372 _d66372 |
||